The Evolution of labour law (1992-2003) /

Detalles Bibliográficos
Autor Corporativo: Comisin̤ Europea Direccin̤ General de Empleo, Asuntos Sociales e Igualdad de Oportunidades
Formato: Libro
Lenguaje:inglés
Publicado: Luxembourg : Office for Official Publications of the European Communities, 2005
Colección:Emploi & affaires sociales. Relations du travail et mutations industrielles
Acceso en línea:Acceso restringido

MARC

LEADER 00000nam a22000007a 4500
005 20111223115939.0
007 cr|||| ||||
008 061219s2005 lu i000 0 eng c
020 |a 92-894-8501-9 
020 |a 92-894-9894-3 
035 |a 2087 
040 |d vLex 
090 |c 2867  |d 2867 
245 1 4 |a The Evolution of labour law   |h [Recurso electrn̤ico] :  |b (1992-2003) /  |c European Commission. Directorate-General for Employment, Social Affairs and Equal Opportunities 
256 |a Servicio en ln̕ea 
260 |a Luxembourg :   |b Office for Official Publications of the European Communities,  |c 2005 
300 |a 1 recurso electrn̤ico 
505 0 |g 1.  |t General report --  |g 2.  |t National reports 
506 1 |a Contenido solo disponible en los productos indicados  |d vLex Global   |d vLex Global (Academic Edition, excluding Law Schools)   |d vLex Global (U.S. Academic Edition, Law Schools)   |d vLex Global (U.S. Academic Edition, excluding Law Schools)   |d vLex Global (Academic Edition, Law Schools)  
710 2 |a Comisin̤ Europea  |b Direccin̤ General de Empleo, Asuntos Sociales e Igualdad de Oportunidades 
740 0 |a vLex Libros (Servicio en ln̕ea) 
830 0 |a Emploi & affaires sociales. Relations du travail et mutations industrielles 
856 4 0 |u http://vlex.com/source/evolution-labour-law-general-report-2087  |z Acceso restringido 
942 |c BOOK